| 000 | 01207cad a22002055a 4500 | ||
|---|---|---|---|
| 001 | L151191 | ||
| 008 | 110505e20110419xxk 000 0 eng d | ||
| 035 | _a(Sirsi) u151191 | ||
| 041 | 0 | _aeng | |
| 245 | 0 | 0 |
_aLanes Group PLC v Galliford Try Infrastructure Limited _h[electronic resource] |
| 260 | _c2011 | ||
| 520 | _a[2011] EWHC 1035 (TCC), 19 April 2011. This case raises an interesting point in the law relating to adjudication as to what happens legally when a party who institutes a reference to adjudication does not want, for good or bad reason, to go ahead with the nominated adjudicator. If it abandons that reference, can it go ahead with another reference for the same dispute or not? | ||
| 590 | _aKA | ||
| 650 | 2 | 4 | _aLANES GROUP PLC V GALLIFORD TRY INFRASTRUCTURE LIMITED |
| 651 | 4 |
_aEngland and Wales _y1543- |
|
| 690 | _aBUILT ENVIRONMENT-CONSTRUCTION MANAGEMENT-BUILDING CONTRACT ADMINISTRATION | ||
| 690 | _aMANAGEMENT-DISPUTE AVOIDANCE, MANAGEMENT AND RESOLUTION-DISPUTE MANAGEMENT AND RESOLUTION-ALTERNATIVE DISPUTE RESOLUTION-ADJUDICATION | ||
| 856 | 4 | 0 |
_uhttps://www.bailii.org/ew/cases/EWHC/TCC/2011/1035.html _zView the law report free of charge at www.bailii.org |
| 942 | _n0 | ||
| 999 |
_c82726 _d82726 |
||